Научные и учебно-методические труды д.т.н., профессора Л.Д. Соколова (Запись № 1557814)

Подробности
000 -МАРКЕР
контрольное поле 01792nam0a2200337 4500
001 - ИДЕНТИФИКАТОР ЗАПИСИ
контрольное поле RU\NLR\bibl\875425
005 - ИДЕНТИФИКАТОР ВЕРСИИ
контрольное поле 20260407124750.0
035 ## - ДРУГИЕ СИСТЕМНЫЕ НОМЕРА
Идентификатор записи (NLR Aleph) 000864028
100 ## - ДАННЫЕ ОБЩЕЙ ОБРАБОТКИ
Данные общей обработки 20051121d2004 |||y0rusy50 ca
101 0# - ЯЗЫК РЕСУРСА
Язык текста, звукозаписи и т.д. русский
102 ## - СТРАНА ПУБЛИКАЦИИ ИЛИ ПРОИЗВОДСТВА
Страна публикации российская федерация
105 ## - ПОЛЕ КОДИРОВАННЫХ ДАННЫХ: ТЕКСТОВЫЕ МАТЕРИАЛЫ, МОНОГРАФИЧЕСКИЕ
Кодированные данные о монографическом текстовом документе a |||||||||
200 1# - ЗАГЛАВИЕ И СВЕДЕНИЯ ОБ ОТВЕТСТВЕННОСТИ
Основное заглавие Научные и учебно-методические труды д.т.н., профессора Л.Д. Соколова
Сведения, относящиеся к заглавию к 90-летию со дня рождения
-- библиографический указатель
Первые сведения об ответственности Нижегор. гос. техн. ун-т, Науч.-техн. б-ка
Последующие сведения об ответственности [сост.: В.П. Хорунжий и др.
-- под ред. В.П. Хорунжий]
210 ## - ПУБЛИКАЦИЯ, РАСПРОСТРАНЕНИЕ И ДР.
Место издания, распространения и т.д. Нижний Новгород
Имя издателя, распространителя и т. д. Нижегородский государственный технический университет
Дата издания, распространения и т.д. 2004
215 ## - ФИЗИЧЕСКАЯ ХАРАКТЕРИСТИКА
Специфическое обозначение материала и объем 57 с.
Другие сведения о физической характеристике ил., портр.
Размеры 20
225 1# - СЕРИЯ
Основное заглавие серии Ученые НГТУ
320 ## - ПРИМЕЧАНИЯ О НАЛИЧИИ В ДОКУМЕНТЕ БИБЛИОГРАФИИ / УКАЗАТЕЛЯ
Текст примечания Имен. указ.: с. 48-50
320 ## - ПРИМЕЧАНИЯ О НАЛИЧИИ В ДОКУМЕНТЕ БИБЛИОГРАФИИ / УКАЗАТЕЛЯ
Текст примечания Геогр. указ.: с. 56
600 #1 - ИМЯ ЛИЦА КАК ПРЕДМЕТ
Начальный элемент ввода Соколов
Часть имени, кроме начального элемента ввода Л. Д.
Даты 1914 - 1988
Расширение инициалов личного имени Лев Дмитриевич
Системный номер авторитетной/нормативной записи 2400481
Идентификатор авторитетной/нормативной записи RU\NLR\auth\661430930
606 1# - НАИМЕНОВАНИЕ ТЕМЫ КАК ПРЕДМЕТ
Наименование темы Металлы
Формальный подзаголовок Библиография
Тематический подзаголовок Обработка давлением
Системный номер авторитетной/нормативной записи 1046030
Идентификатор авторитетной/нормативной записи RU\NLR\auth\6685538
686 ## - ИНДЕКСЫ ДРУГИХ КЛАССИФИКАЦИЙ
Индекс К62д(2)Соколов
702 #1 - ИМЯ ЛИЦА - ВТОРИЧНАЯ ОТВЕТСТВЕННОСТЬ
Начальный элемент ввода Хорунжий
Часть имени, кроме начального элемента ввода В. П.
Код отношения Составитель
712 02 - НАИМЕНОВАНИЕ ОРГАНИЗАЦИИ - ВТОРИЧНАЯ ОТВЕТСТВЕННОСТЬ
Код отношения Составитель
Начальный элемент ввода Нижегородский государственный технический университет
Структурное подразделение Научно-техническая библиотека
Идентификатор авторитетной/нормативной записи RU\NLR\AUTH\8810074472
Системный номер авторитетной/нормативной записи 650895
801 #0 - ИСТОЧНИК ЗАПИСИ
Страна российская федерация
Организация NLR
Дата составления 20051121
Правила каталогизации rcr
801 #1 - ИСТОЧНИК ЗАПИСИ
Страна российская федерация
Организация NLR
Дата составления 20051121
830 ## - ОБЩЕЕ ПРИМЕЧАНИЕ, СОСТАВЛЕННОЕ КАТАЛОГИЗАТОРОМ
Текст примечания Сост. не раскрыть
942 ## - ДОПОЛНИТЕЛЬНЫЕ ЭЛЕМЕНТЫ ЗАПИСИ (АБИС)
Тип экземпляра АБИС Книга
980 ## - КОЛЛЕКЦИЯ
Название коллекции Национальная библиография
Экземпляры
Тип экземпляра Дата поступления Источник поступления Библиотека постоянного хранения Библиотека текущего хранения Место хранения Шифр хранения Штрих-код Статус не для выдачи
Книга 21.11.2005 Дар РНБ (Московский) РНБ (Московский) Центральная справочная библиотека С 2005-1/572 1-1601179  
Книга 14.12.2005 Дар РНБ (Московский) РНБ (Московский) Обменный фонд, резервный   2077899